[Event "POL-chT2 U18"]
[Site "Augustow"]
[Date "1996.??.??"]
[Round "?"]
[White "Dudzinski, Piotr"]
[Black "Rzepka, Tadeusz"]
[Result "1-0"]
[WhiteElo "1800"]
[BlackElo "1800"]
[PlyCount "105"]
[EventDate "1996.??.??"]
[EventType "team"]
[EventRounds "10"]
[EventCountry "POL"]
[SourceTitle "EXT 2003"]
[Source "ChessBase"]
[SourceDate "2002.11.25"]
[SourceVersion "1"]
[SourceVersionDate "2002.11.25"]
[SourceQuality "1"]

1. e4 c5 2. Nf3 Nc6 3. Bb5 Nf6 4. Bxc6 bxc6 5. e5 Nd5 6. b3 g6 7. Bb2 Bg7 8. 0-0 0-0 9. c4 Nf4 10. d3 d6 11. Qd2 dxe5 12. Bxe5 Bxe5 13. Nxe5 Qd4 14. Nxc6 Qxa1 15. Nxe7+ Kh8 16. Nc3 Ne2+ 17. Nxe2 Qe5 18. Nxc8 Raxc8 19. Nc3 Rfe8 20. Ne4 Rcd8 21. Qc2 Qd4 22. h3 f5 23. Ng5 Qxd3 24. Qb2+ Kg8 25. g3 Qd4 26. Qa3 Re7 27. Qa6 Qd6 28. Qa5 h6 29. Nf3 Rde8 30. Nh4 Kh7 31. Ng2 Qb6 32. Qc3 Re2 33. Nf4 R2e5 34. Nd5 Qc6 35. Qa5 a6 36. Rd1 Rf8 37. Nb6 Rf7 38. Nd5 g5 39. Rd3 Qe6 40. Rd1 Qc6 41. Rd3 h5 42. Qd2 Qe6 43. Qxg5 Re1+ 44. Kg2 Qe4+ 45. Rf3 Qb1 46. Qxh5+ Kg8 47. Qg5+ Rg7 48. Qd8+ Kf7 49. Re3 Rg1+ 50. Kf3 Qd1+ 51. Kf4 Qd4+ 52. Kxf5 Rf1 53. Re7# 1-0

[Event "POL-chT2 U18"]
[Site "Augustow"]
[Date "1996.??.??"]
[Round "?"]
[White "Paterek, Michal"]
[Black "Rzepka, Tadeusz"]
[Result "1-0"]
[WhiteElo "2000"]
[BlackElo "1800"]
[PlyCount "83"]
[EventDate "1996.??.??"]
[EventType "team"]
[EventRounds "10"]
[EventCountry "POL"]
[SourceTitle "EXT 2003"]
[Source "ChessBase"]
[SourceDate "2002.11.25"]
[SourceVersion "1"]
[SourceVersionDate "2002.11.25"]
[SourceQuality "1"]

1. d4 Nf6 2. Bg5 e6 3. e3 Be7 4. Nd2 b6 5. f4 Bb7 6. c3 c5 7. Bxf6 Bxf6 8. Ngf3 Nc6 9. Bd3 d5 10. 0-0 g6 11. Ne5 Nxe5 12. fxe5 Bg7 13. Bb5+ Ke7 14. Qg4 f5 15. exf6+ Bxf6 16. Rf2 a6 17. Raf1 Rf8 18. Bd3 Kd7 19. dxc5 bxc5 20. e4 Be7 21. Rxf8 Bxf8 22. Rf7+ Be7 23. exd5 Bxd5 24. c4 Qb6 25. Nb3 Rh8 26. Qh4 Re8 27. Qxh7 e5 28. Rf2 e4 29. cxd5 exd3 30. Qh3+ Kd8 31. Qxd3 c4 32. Qxc4 Rf8 33. Qd4 Qc7 34. Rxf8+ Bxf8 35. Qf6+ Qe7 36. Qb6+ Ke8 37. Qxg6+ Kd8 38. Qb6+ Ke8 39. Qc6+ Kf7 40. Qe6+ Qxe6 41. dxe6+ Kxe6 42. Kf2 1-0

[Event "POL-chT2 U18"]
[Site "Augustow"]
[Date "1996.??.??"]
[Round "?"]
[White "Rzepka, Tadeusz"]
[Black "Kolodziejski, Damian"]
[Result "1-0"]
[WhiteElo "1800"]
[BlackElo "1800"]
[PlyCount "65"]
[EventDate "1996.??.??"]
[EventType "team"]
[EventRounds "10"]
[EventCountry "POL"]
[SourceTitle "EXT 2003"]
[Source "ChessBase"]
[SourceDate "2002.11.25"]
[SourceVersion "1"]
[SourceVersionDate "2002.11.25"]
[SourceQuality "1"]

1. d4 Nf6 2. Nf3 e6 3. e3 d5 4. Bd3 c5 5. c3 Nc6 6. Qe2 c4 7. Bc2 Bd7 8. Nbd2 Bd6 9. e4 dxe4 10. Nxe4 Nxe4 11. Bxe4 b5 12. Ng5 h6 13. Qh5 Qf6 14. Nxf7 Ke7 15. Nxh8 Rxh8 16. Qf3 Qxf3 17. Bxf3 e5 18. dxe5 Nxe5 19. Be4 Kf6 20. 0-0 Nd3 21. Rd1 Re8 22. f3 Bc5+ 23. Kf1 Bf5 24. Bxf5 Kxf5 25. b3 Be3 26. Bxe3 Rxe3 27. Rd2 Kf4 28. bxc4 bxc4 29. Rb1 g5 30. Re2 Ne5 31. Rb5 Rxe2 32. Kxe2 Kf5 33. Ra5 1-0

[Event "POL-chT2 U18"]
[Site "Augustow"]
[Date "1996.??.??"]
[Round "?"]
[White "Rzepka, Tadeusz"]
[Black "Wojtaszek, Radoslaw"]
[Result "0-1"]
[WhiteElo "1800"]
[BlackElo "2000"]
[PlyCount "136"]
[EventDate "1996.??.??"]
[EventType "team"]
[EventRounds "10"]
[EventCountry "POL"]
[SourceTitle "EXT 2003"]
[Source "ChessBase"]
[SourceDate "2002.11.25"]
[SourceVersion "1"]
[SourceVersionDate "2002.11.25"]
[SourceQuality "1"]

1. d4 Nf6 2. Nf3 b6 3. e3 Bb7 4. Bd3 e6 5. 0-0 Be7 6. Qe2 d5 7. Nbd2 Ne4 8. Ne5 0-0 9. Nxe4 dxe4 10. Bc4 Nd7 11. Nxd7 Qxd7 12. Bd2 Bf6 13. Rad1 Rac8 14. Bc3 Rfd8 15. Ba6 Bxa6 16. Qxa6 c5 17. Qe2 Qe7 18. Qg4 cxd4 19. exd4 b5 20. Qxe4 b4 21. Be1 Rd5 22. c3 Rcd8 23. f4 Qc7 24. Rf3 Qc4 25. Qb1 Rb8 26. Rfd3 bxc3 27. Bxc3 Rbd8 28. b3 Qc7 29. g3 h5 30. Qb2 h4 31. a4 Qb7 32. b4 hxg3 33. hxg3 g6 34. g4 Qc7 35. Qf2 Kg7 36. g5 Bxg5 37. fxg5 Rxg5+ 38. Kf1 Rdd5 39. Ke1 Qc4 40. Rf3 Rgf5 41. Rdd3 Qb3 42. Rxf5 Rxf5 43. d5+ e5 44. Qb2 Qc4 45. Qe2 Qf4 46. Kd1 Rh5 47. d6 Rh1+ 48. Be1 Rh8 49. d7 Rd8 50. Bg3 Qxb4 51. Qxe5+ Kh7 52. Bf4 Rxd7 53. Rxd7 Qxa4+ 54. Ke2 Qxd7 55. Qf6 Qb5+ 56. Kd2 Qd5+ 57. Kc2 Qf5+ 58. Qxf5 gxf5 59. Kd3 Kg6 60. Kd4 Kh5 61. Ke5 Kg4 62. Bd2 a6 63. Bc3 f4 64. Ke4 f5+ 65. Kd3 Kg3 66. Ke2 Kg2 67. Bd4 f3+ 68. Ke1 a5 0-1